| 000 | 01033nam a2200277 4500 | ||
|---|---|---|---|
| 003 | OSt | ||
| 005 | 20231013144958.0 | ||
| 008 | 231011s2021 mx ad||f |||| 001 0 spa d | ||
| 020 | _a9786078790364 (INE) | ||
| 020 | _a9786073046459 (UNAM) | ||
| 040 |
_erda _cCHAP |
||
| 082 | 0 | 0 |
_222 _a323.1972 _bS61 |
| 100 | 1 |
_9188121 _aSinger Sochet, Martha |
|
| 245 | 1 | 0 |
_aRepresentación y participación política indígena en México / _cpor Martha Singer Sochet |
| 264 | 1 |
_aMéxico: _bUniversidad Autónoma de México: _bInstituto Nacional Electoral, _c2021. |
|
| 300 |
_a300 páginas: _bIlustraciones, cuadros, gráficas |
||
| 336 |
_2rdacontent _atexto _btxt |
||
| 337 |
_2rdamedia _asin medio _bn |
||
| 338 |
_2rdacarrier _avolumen _bnc |
||
| 504 | _aIncluye índice, bibliografía y anexos estadísticos | ||
| 650 | 4 |
_9161429 _aPueblos indígenas _xDerechos civiles _xMéxico |
|
| 650 | 4 |
_957635 _aIndios de México _xPolítica y gobierno |
|
| 650 | 2 |
_9131267 _aIndios de México _xActividad política |
|
| 942 | _2ddc | ||
| 942 | _cLIBRO | ||
| 999 |
_c219256 _d219256 |
||